| 000 | 00534nam a2200169Ia 4500 | ||
|---|---|---|---|
| 008 | 241217s9999||||xx |||||||||||||| ||und|| | ||
| 020 |
_a9780071155175 _c0 |
||
| 040 |
_beng _cSSK Library _erda |
||
| 082 | _a614.4076 PRE.8 | ||
| 245 | 0 | _aPretest Preventive Medicine And Public Health: Pretest Self-Assessment And Review | |
| 250 | _a8th ed | ||
| 260 |
_b Mcgraw-Hill Inc., Health Professions Division _c©1998 |
||
| 700 | _a Sylvie Ratelle | ||
| 942 |
_2Dewey Decimal Classification _cBOOK _nNo |
||
| 999 |
_c20620 _d20620 |
||
| 003 | OSt | ||
| 005 | 20241217112752.0 | ||